| 000 | 00726nam a2200229 i 4500 | ||
|---|---|---|---|
| 001 | bg | ||
| 100 | 1 |
_aWAPIŃSKI, Roman _d(1931- ) |
|
| 245 | 1 | 0 |
_aHistoria polskiej myśli politycznej XIX i XX wieku / _cRoman Wapiński. |
| 260 |
_aGdańsk : _b"Arche", _c1997. |
||
| 300 |
_a325, [1] s. ; _c24 cm. |
||
| 504 | _aBibliogr. s. 301-311. - Indeks. | ||
| 650 | 9 |
_aPartie polityczne _xideologia _xhistoria _zPolska _y19-20 w. |
|
| 650 | 9 |
_aPolityka _xteoria _xhistoria _zPolska _y19-20 w. |
|
| 651 | 9 |
_aPolska _xpolityka _y19-20 w. |
|
| 020 | _a8387570001 | ||
| 040 | _cBPK | ||
| 041 | 0 | _apl | |
| 080 | _a94(438).07/.083:329:32.001]"18/19" | ||
| 920 | _a83-87570-00-1 | ||
| 942 | _cKS | ||
| 008 | s pl f |000 0 pol | ||
| 999 |
_c36408 _d36408 |
||
| 856 |
_uhttp://koha.tu.koszalin.pl/cgi-bin/koha/opac-detail.pl?biblionumber=36408 _yKatalog online BPK |
||